[Event "Match"]
[Site "www.echecsemail.com"]
[Date "2018.08.24"]
[Round "1"]
[White "Deneb"]
[Black "Hundegana"]
[WhiteElo "1600"]
[BlackElo "2070"]
[Result "1-0"]
[Round "1"]
1.e4 e5
2.Ng1f3 Nb8c6
3.Bf1c4 Qd8e7
4.O-O a6
5.c3 b5
6.Bc4d5 Ng8f6
7.d4 Nf6xd5
8.exd5 Nc6a7
9.Rf1e1 d6
10.dxe5 Kd7
11.exd6 Qe7xd6
12.Nf3e5 Qd6xe5
13.Re1xe5 Bf8d6
14.Qd1g4 Kd8
15.Qg4xg7 Bd6xe5
16.Bc1g5 Kd7
17.Qg7xf7 Kd6
18.Bg5e7 Kd7
19.Be7f8 Kd8
20.Qf7e7 
1-0

[Event "Match"]
[Site "www.echecsemail.com"]
[Date "2018.08.24"]
[Round "1"]
[White "Biggles"]
[Black "Apdash"]
[WhiteElo "2070"]
[BlackElo "2090"]
[Result "1/2-1/2"]
[Round "1"]
1.e4 c5
2.Ng1f3 d6
3.d4 cxd4
4.Nf3xd4 Nb8c6
5.Bc1e3 a6
6.Nb1c3 Bc8d7
7.Bf1e2 e5
8.Nd4xc6 bxc6
9.O-O Bf8e7
10.h3 Ng8f6
11.Be2c4 O-O
12.Bc4b3 Bd7e6
13.Rf1e1 Be6xb3
14.axb3 Qd8c7
15.Be3g5 Rf8d8
16.Qd1f3 h6
17.Bg5xf6 Be7xf6
18.Nc3e2 d5
19.Ne2g3 d4
20.Ra1d1 c5
21.Ng3f5 Kh7
22.Rd1d3 g6
23.Nf5xh6 Kxh6
24.Qf3xf6 Ra8a7
25.Rd3g3 Qc7d6
26.Qf6h4 Kg7
27.Qh4g5 Qd6f6
28.Re1a1 Qf6xg5
29.Rg3xg5 f6
30.Rg5g3 Kf7
31.h4 Rd8c8
32.f3 Rc8h8
33.Rg3h3 Ke6
34.g3 f5
35.Kg2 a5
36.Rh3h1 Rh8c8
37.h5 gxh5
38.Rh1xh5 Rc8f8
39.exf5 Rf8xf5
40.Ra1h1 a4
41.Rh5xf5 Kxf5
42.bxa4 Ra7xa4
43.c3 d3
44.Rh1d1 e4
45.Kf2 Ra4a2
46.Rd1d2 c4
47.Ke3 exf3
48.Kxf3 Ra2a1
49.Ke3 Ke5
50.Rd2g2 Ra1e1
51.Kd2 Re1h1
52.g4 Kf4
53.Rg2f2 Kxg4
54.Ke3 Rh1e1
55.Kd4 Re1e2
56.Rf2f1 Re2xb2
57.Kxc4 d2
58.Rf1d1 Kf4
59.Kd4 Kf5
60.Kd3 Ke5
61.Rd1xd2 Rb2xd2
62.Kxd2 Ke4
63.Kc2 Ke5
64.Kb3 Kd5
65.Kb4 Kc6
66.Kc4 Kb6
67.Kd5 Kc7
68.c4 Kd7
69.Kc5 Kc7
70.Kb5 Kb7
71.c5 Kc7
72.c6 Kc8
73.Kb6 Kb8
{ draw }
1/2-1/2

[Event "Match"]
[Site "www.echecsemail.com"]
[Date "2018.08.24"]
[Round "1"]
[White "Alessiov"]
[Black "Gidgud"]
[WhiteElo "2260"]
[BlackElo "2350"]
[Result "1-0"]
[Round "1"]
1.e4 e6
2.d4 d5
3.Nb1c3 Ng8f6
4.e5 Nf6d7
5.f4 a6
6.Ng1f3 c5
7.Bc1e3 Nb8c6
8.Qd1d2 cxd4
9.Nf3xd4 Bf8c5
10.O-O-O Nc6xd4
11.Be3xd4 b5
12.Nc3e4 Bc5xd4
13.Ne4d6 Ke7
14.Qd2xd4 Qd8b6
15.Qd4b4 Qb6c5
16.Qb4e1 Nd7b6
17.Qe1h4 f6
18.Qh4g3 Rh8g8
19.Bf1d3 Bc8d7
20.Bd3xh7 { resign }
1-0

[Event "Tourn. n9869"]
[Site "www.echecsemail.com"]
[Date "2018.08.24"]
[Round "1"]
[White "Reda"]
[Black "Julian"]
[WhiteElo "1760"]
[BlackElo "1790"]
[Result "0-1"]
[Round "1"]
1.d4 d5
2.Bc1f4 e6
3.Nb1c3 Bf8d6
4.Bf4xd6 Qd8xd6
5.Ng1f3 Ng8f6
6.e3 O-O
7.Nc3b5 Qd6b6
8.Bf1d3 a6
9.Nb5c3 Nb8c6
10.Ra1b1 Rf8e8
11.O-O Nc6b4
12.Bd3e2 Bc8d7
13.a3 Nb4c6
14.Be2d3 e5
15.dxe5 Nc6xe5
16.Nf3xe5 Re8xe5
17.Qd1f3 Ra8e8
18.Rf1d1 c5
19.Nc3a4 Qb6a7
20.Qf3g3 Bd7xa4
21.b3 Ba4c6
 { time }
0-1

[Event "Tourn. n9869"]
[Site "www.echecsemail.com"]
[Date "2018.08.24"]
[Round "1"]
[White "Osopanda"]
[Black "Reda"]
[WhiteElo "1870"]
[BlackElo "1760"]
[Result "1-0"]
[Round "1"]
1.e4 e5
2.Ng1f3 Nb8c6
3.Bf1b5 a6
4.Bb5a4 d6
5.d4 Bc8g4
6.O-O b5
7.Ba4b3 Nc6xd4
8.c3 Nd4xb3
9.axb3 Bf8e7
10.Bc1e3 Ng8f6
11.Qd1c2 Bg4xf3
12.gxf3 O-O
13.Nb1d2 c5
14.f4 exf4
15.Be3xf4 d5
16.exd5 Qd8xd5
17.Ra1d1 Qd5c6
18.f3 Nf6d5
19.Qc2e4 Ra8c8
20.Bf4e5 f6
21.Be5g3  { time }
1-0

[Event "Tourn. n9896"]
[Site "www.echecsemail.com"]
[Date "2018.08.24"]
[Round "1"]
[White "Julian"]
[Black "Gilliere"]
[WhiteElo "1820"]
[BlackElo "1960"]
[Result "0-1"]
[Round "1"]
1.e4 c5
2.Ng1f3 d6
3.d4 cxd4
4.Nf3xd4 a6
5.c4 e5
6.Nd4c2 Ng8f6
7.Nb1c3 Bf8e7
8.Bf1e2 Nb8c6
9.O-O h6
10.Bc1e3 O-O
11.f3 Bc8e6
12.Nc3d5 Be6xd5
13.cxd5 Nc6a7
14.Ra1c1 Qd8b8
15.b4 b5
16.Nc2e1 Na7c8
17.a4 { time. }
0-1

[Event "Tourn. n9898"]
[Site "www.echecsemail.com"]
[Date "2018.08.24"]
[Round "1"]
[White "Krystek23"]
[Black "Sbb"]
[WhiteElo "2520"]
[BlackElo "2720"]
[Result "1-0"]
[Round "1"]
1.c4 e5
2.Nb1c3 Bf8b4
3.Qd1b3 a5
4.a3 Bb4xc3
5.dxc3 d6
6.e4 Ng8f6
7.Bf1d3 a4
8.Qb3c2 Nb8d7
9.Bd3e2 Nd7c5
10.f3 Bc8e6
11.Bc1g5 h6
12.Bg5h4 Qd8d7
13.Bh4xf6 gxf6
14.h4 f5
15.O-O-O fxe4
16.fxe4  { time }
1-0

[Event "Tourn. n9906"]
[Site "www.echecsemail.com"]
[Date "2018.08.24"]
[Round "1"]
[White "Cathar"]
[Black "Alekpax"]
[WhiteElo "2420"]
[BlackElo "2420"]
[Result "0-1"]
[Round "1"]
1.d4 Ng8f6
2.c4 e6
3.Nb1c3 Bf8b4
4.a3 Bb4xc3
5.bxc3 c5
6.e3 b6
7.Bf1d3 Bc8b7
8.f3 Nb8c6
9.Ng1e2 d6
10.O-O O-O
11.e4 h6
12.f4 cxd4
13.cxd4 Nc6a5
14.e5 Nf6e4
15.Bc1e3 Ra8c8
16.Ra1c1 d5
17.c5 Na5c4
{ resign }
0-1

[Event "Tourn. n9887"]
[Site "www.echecsemail.com"]
[Date "2018.08.24"]
[Round "1"]
[White "Falcoale"]
[Black "Apdash"]
[WhiteElo "1920"]
[BlackElo "1840"]
[Result "0-1"]
[Round "1"]
1.e4 c5
2.Ng1f3 g6
3.Bf1c4 e6
4.O-O Bf8g7
5.c3 Ng8f6
6.Rf1e1 O-O
7.d4 cxd4
8.cxd4 d5
9.exd5 Nf6xd5
10.Bc1e3 Nb8c6
11.Nb1c3 Nd5xe3
12.fxe3 a6
13.a3 b5
14.Bc4e2 Bg7h6
15.Be2f1 Bc8b7
16.Qd1b3 Nc6a5
17.Qb3a2 Bb7xf3
18.gxf3 Na5c4
19.Bf1xc4 bxc4
20.Qa2xc4 Qd8f6
21.f4 Rf8c8
22.Qc4e2 Rc8b8
23.Nc3e4 Qf6f5
24.Ne4g3 Qf5f6
25.Ng3e4 Qf6e7
26.b4 a5
27.bxa5 Ra8xa5
28.Qe2d2 Ra5xa3
29.Ne4c5 Ra3xa1
30.Re1xa1 Rb8d8
31.Qd2a5 Rd8b8
32.Ra1f1 Rb8b2
33.Rf1f2 Rb2b1
34.Kg2 Qe7h4
35.Qa5a8 Kg7
36.Qa8f3 g5
37.fxg5 Qh4xg5
38.Kh3 Qg5xe3
39.Rf2g2 Kf8
40.Rg2f2 Qe3xf3
41.Rf2xf3 Ke7
42.Kh4 Rb1d1
43.Rf3d3 Rd1xd3
{ resign }
0-1

[Event "Tourn. n9933"]
[Site "www.echecsemail.com"]
[Date "2018.08.24"]
[Round "1"]
[White "Fantomas"]
[Black "Apdash"]
[WhiteElo "2100"]
[BlackElo "2100"]
[Result "0-1"]
[Round "1"]
1.e4 c5
2.Ng1f3 d6
3.Nb1c3 Nb8c6
4.Bf1b5 a6
5.Bb5e2 g6
6.Nc3d5 Bf8g7
7.c3 e6
8.Nd5e3 Ng8f6
9.Qd1c2 b5
10.d3 Bc8b7
11.Bc1d2 Qd8c7
12.Ra1c1 O-O
13.b3 Ra8d8
14.O-O d5
15.exd5 exd5
16.Rf1d1 Rf8e8
17.Ne3f1 Re8xe2
18.Nf1e3 Nc6e5
19.Kf1 Ne5xf3
20.gxf3 Re2xd2
21.Rd1xd2 Qc7xh2
{ resign }
0-1

[Event "Match"]
[Site "www.echecsemail.com"]
[Date "2018.08.24"]
[Round "1"]
[White "J1j6"]
[Black "Fangshuo"]
[WhiteElo "1840"]
[BlackElo "2090"]
[Result "1-0"]
[Round "1"]
1.c4 e5
2.d4 exd4
3.Qd1xd4 Nb8c6
4.Qd4d1 Ng8f6
5.Nb1c3 Bf8c5
6.g3 O-O
7.Bf1g2 Nf6g4
8.e3 d6
9.h3 Ng4e5
10.b3 Nc6b4
11.Nc3e4 Nb4d3
12.Kf1 f5
13.Ne4xc5 dxc5
14.Bc1a3 Ra8b8
15.f4 Ne5f7
16.Bg2d5 Nd3b4
17.Bd5xf7 Kxf7
18.Ba3xb4 cxb4
19.Qd1h5 Kg8
20.Qh5e2 Qd8e7
21.Ng1f3 Rf8e8
22.Kf2 c5
23.Nf3e5 g5
24.Qe2h5 gxf4
25.gxf4 b5
26.Ra1g1 Kf8
27.Rg1g3 Qe7c7
28.Rh1g1 { resign }
1-0

[Event "Tourn. n9861"]
[Site "www.echecsemail.com"]
[Date "2018.08.24"]
[Round "1"]
[White "J1j6"]
[Black "Julian"]
[WhiteElo "1699"]
[BlackElo "1820"]
[Result "1-0"]
[Round "1"]
1.d4 d5
2.Nb1c3 c6
3.Bc1f4 e6
4.g4 Bf8b4
5.Bf1g2 Ng8f6
6.e3 O-O
7.f3 Nb8d7
8.Ng1e2 c5
9.a3 Bb4a5
10.dxc5 e5
11.Bf4g3 Qd8c7
12.b4 Nd7xc5
13.bxc5 Ba5xc3
14.Ne2xc3 Rf8e8
15.Nc3xd5 Nf6xd5
16.Qd1xd5 Bc8d7
17.O-O Bd7c6
18.Qd5c4 Qc7e7
19.e4 Ra8d8
20.h4 Rd8d4
21.Qc4c3 Re8d8
22.Bg3f2 Rd4d2
23.Bf2e3 Rd2d7
24.Qc3c4 Rd7c7
25.Be3g5 Qe7e8
26.Bg5xd8 Qe8xd8
27.Ra1d1 Qd8e7
28.Rd1d2 b6
29.Rf1d1 h5
30.g5 Qe7xc5
31.Qc4xc5 bxc5
32.Rd2d8 Kh7
33.Rd1d6 Bc6a4
{ time. }
1-0

[Event "Match"]
[Site "www.echecsemail.com"]
[Date "2018.08.24"]
[Round "1"]
[White "Fangshuo"]
[Black "Minorsana"]
[WhiteElo "2070"]
[BlackElo "1459"]
[Result "0-1"]
[Round "1"]
1.e4 e5
2.Ng1f3 Nb8c6
3.d4 exd4
4.Nf3xd4 Ng8f6
5.Nd4xc6 bxc6
6.Nb1c3 Bf8b4
7.Bc1d2 O-O
8.Bf1d3 d5
9.O-O Ra8b8
10.b3 dxe4
11.Nc3xe4 Nf6xe4
12.Bd2xb4 Rb8xb4
13.Qd1e1 Rb4d4
14.Bd3xe4 Rf8e8
15.Be4xc6 Re8xe1
16.Rf1xe1 Bc8e6
17.Bc6f3 g6
18.Ra1d1 Rd4xd1
19.Re1xd1 Qd8f6
{ resign }
0-1

[Event "Match"]
[Site "www.echecsemail.com"]
[Date "2018.08.24"]
[Round "1"]
[White "Llord"]
[Black "Minorsana"]
[WhiteElo "1920"]
[BlackElo "1459"]
[Result "0-1"]
[Round "1"]
1.e4 e5
2.Ng1f3 Nb8c6
3.Bf1c4 Ng8f6
4.Nb1c3 Nf6xe4
5.Nc3xe4 d5
6.Bc4xd5 Qd8xd5
7.d3 Bc8g4
8.h3 Bg4h5
9.g4 Bh5g6
10.Bc1e3 h5
11.Nf3h2 O-O-O
12.Qd1f3 hxg4
13.Qf3xg4 Kb8
14.c4 Bf8b4
15.Be3d2 Bb4xd2
16.Ne4xd2 Qd5xh1
17.Nh2f1 Nc6b4
18.O-O-O Nb4xd3
{ resign }
0-1

[Event "Match"]
[Site "www.echecsemail.com"]
[Date "2018.08.24"]
[Round "1"]
[White "Joseph1983"]
[Black "Apdash"]
[WhiteElo "2270"]
[BlackElo "2040"]
[Result "0-1"]
[Round "1"]
1.Ng1f3 d5
2.d4 Ng8f6
3.e3 g6
4.c4 e6
5.b3 Bf8g7
6.Bc1b2 O-O
7.Bf1d3 c5
8.Nb1d2 cxd4
9.Nf3xd4 Nb8c6
10.O-O Bc8d7
11.Ra1c1 Nc6b4
12.Bd3b1 dxc4
13.Nd2xc4 Nf6d5
14.Bb2a3 a5
15.e4 Nd5f4
 { time }
0-1

[Event "Tourn. n9883"]
[Site "www.echecsemail.com"]
[Date "2018.08.24"]
[Round "1"]
[White "Rons"]
[Black "Cathar"]
[WhiteElo "2640"]
[BlackElo "2400"]
[Result "1-0"]
[Round "1"]
1.e4 e6
2.d4 d5
3.Nb1d2 Ng8f6
4.e5 Nf6d7
5.Bf1d3 c5
6.c3 b6
7.Ng1e2 Bc8a6
8.Bd3b1 Nb8c6
9.Nd2f3 Bf8e7
10.O-O Qd8c7
11.Rf1e1 Ba6xe2
12.Qd1xe2 Ra8c8
13.Bc1e3 c4
14.Nf3g5 Be7xg5
15.Be3xg5 b5
16.a3 a5
17.f4 h6
18.Bg5h4 Nd7b6
19.Qe2g4 g6
20.Bb1xg6 fxg6
21.Qg4xe6 Kf8
22.Qe6f6 Kg8
23.Qf6xg6 Qc7g7
24.Qg6xg7 Kxg7
25.Bh4f6 Kh7
26.Bf6xh8 Kxh8
27.f5 Nb6a4
28.Re1e3 Na4xb2
29.f6 Nb2d3
30.e6 Kg8
31.Re3g3 Kf8
32.Ra1f1 b4
33.Rg3g6 bxc3
34.Rg6xh6 Kg8
35.Rf1f3 c2
36.Rf3g3 Kf8
37.Rh6h8 { resign }
1-0

[Event "Match"]
[Site "www.echecsemail.com"]
[Date "2018.08.24"]
[Round "1"]
[White "Alessiov"]
[Black "Goofy"]
[WhiteElo "2260"]
[BlackElo "2350"]
[Result "1-0"]
[Round "1"]
1.e4 d6
2.d4 Ng8f6
3.Nb1c3 Nb8d7
4.f4 e5
5.Ng1f3 exd4
6.Qd1xd4 c6
7.Bc1d2 d5
8.O-O-O Bf8c5
9.Qd4d3 Nf6g4
10.exd5 Ng4f2
11.Rd1e1 Kf8
12.Qd3c4 Nf2xh1
13.dxc6 bxc6
14.Nf3g5 Qd8f6
15.Nc3e4 Qf6f5
16.Ne4xc5 Nd7xc5
17.Re1e5 Qf5d7
18.Qc4xc5 { resign }
1-0

[Event "Tourn. n9881"]
[Site "www.echecsemail.com"]
[Date "2018.08.24"]
[Round "1"]
[White "Julian"]
[Black "Dougbeer"]
[WhiteElo "1820"]
[BlackElo "1979"]
[Result "0-1"]
[Round "1"]
1.e4 e6
2.d4 d5
3.Nb1d2 Ng8f6
4.e5 Nf6d7
5.f4 c5
6.c3 Nb8c6
7.Ng1f3 a5
8.Bf1d3 Qd8b6
9.O-O cxd4
10.cxd4 Nc6xd4
11.Kh1 Nd7c5
12.Nf3xd4 Nc5xd3
13.Nd2f3 Nd3xc1
14.Ra1xc1 Bf8e7
15.Qd1c2 Bc8d7
16.f5 Ra8c8
17.Qc2d3 Rc8xc1
18.Rf1xc1 O-O
19.fxe6 fxe6
20.Rc1c2 Rf8c8
21.Rc2xc8 Bd7xc8
22.h3 Qb6xb2
23.a4 Bc8d7
24.g4 Qb2a1
25.Kh2 Qa1xa4
26.Kg3 Qa4c4
27.Qd3xc4 { time. }
0-1

[Event "1/128 Finale"]
[Site "www.chess-mail.com"]
[Date "2018.08.24"]
[Round "1"]
[White "Redapond1"]
[Black "Joskomol"]
[WhiteElo "1400"]
[BlackElo "1989"]
[Result "0-1"]
[Round "1"]
1.d4 d5
2.Bc1f4 Ng8f6
3.Nb1c3 e6
4.e3 Bf8b4
5.Qd1d3 O-O
6.O-O-O Bc8d7
7.a3 Bb4xc3
8.Qd3xc3 c5
9.Qc3xc5 Nf6e4
10.Qc5b4 Ne4xf2
11.Rd1d2 Nf2xh1
12.Ng1f3 b6
13.Bf1d3 Nb8c6
14.Qb4b3 f6
15.e4 Nc6a5
16.Qb3b4 dxe4
17.Bd3xe4 Bd7c6
18.Be4xc6 Na5xc6
 { time }
0-1

[Event "1/64 Finale"]
[Site "www.chess-mail.com"]
[Date "2018.08.24"]
[Round "1"]
[White "Traub"]
[Black "Amaya"]
[WhiteElo "1520"]
[BlackElo "2120"]
[Result "0-1"]
[Round "1"]
1.Ng1f3 Ng8f6
2.d4 g6
3.Nb1c3 Bf8g7
4.e4 d6
5.Bf1e2 O-O
6.O-O Nb8d7
7.d5 Rf8e8
8.Be2c4 Nd7b6
9.Bc4b3 Bc8g4
10.Rf1e1 Nf6d7
11.h3 Bg4xf3
12.Qd1xf3 Nd7e5
13.Qf3g3 Ne5c4
14.f4 Bg7d4
15.Kh1 e5
 { time }
0-1

[Event "1/128 Finale"]
[Site "www.chess-mail.com"]
[Date "2018.08.24"]
[Round "1"]
[White "Grischuk2789"]
[Black "Traub"]
[WhiteElo "2390"]
[BlackElo "1520"]
[Result "1-0"]
[Round "1"]
1.c4 e5
2.Nb1c3 Ng8f6
3.Ng1f3 d6
4.d4 exd4
5.Nf3xd4 c5
6.Nd4c2 Bc8e6
7.b3 Nb8c6
8.e4 Bf8e7
9.h3 O-O
10.Bf1e2 a6
11.O-O Qd8c7
12.Bc1b2 Ra8d8
13.f4 Nf6e8
14.f5 Be6d7
15.Nc3d5  { time }
1-0

[Event "1/64 Finale"]
[Site "www.chess-mail.com"]
[Date "2018.08.24"]
[Round "1"]
[White "Guidom"]
[Black "Traub"]
[WhiteElo "2130"]
[BlackElo "1540"]
[Result "1-0"]
[Round "1"]
1.e4 d6
2.d4 Ng8f6
3.Bf1d3 g6
4.Ng1f3 Bf8g7
5.O-O c6
6.c3 Qd8c7
7.Bc1g5 Nb8d7
8.Nb1d2 Nd7b6
9.Rf1e1 O-O
10.e5 dxe5
11.Nf3xe5 Nf6d5
12.Ne5f3 e6
13.Ra1c1  { time }
1-0

[Event "Tourn. n9924"]
[Site "www.echecsemail.com"]
[Date "2018.08.25"]
[Round "1"]
[White "Bojan"]
[Black "Fantomas"]
[WhiteElo "2010"]
[BlackElo "2130"]
[Result "0-1"]
[Round "1"]
1.e4 e5
2.Ng1f3 Ng8f6
3.Nf3xe5 Qd8e7
4.d4 Nf6xe4
5.Qd1e2 Ne4f6
6.Nb1c3 c6
7.Bc1g5 d6
8.Bg5xf6 gxf6
9.Ne5d3 Bc8f5
10.Qe2xe7 Bf8xe7
11.O-O-O Nb8d7
12.Bf1e2 O-O-O
13.Rh1e1 Rh8e8
14.h3 Bf5g6
15.Nd3f4 f5
16.Kb1 Be7g5
17.Nf4d3 Nd7f6
18.g3 Nf6e4
19.Nc3xe4 fxe4
20.Nd3c1 d5
21.Be2g4 f5
22.Bg4e2 Re8e7
23.c4 f4
24.cxd5 cxd5
25.g4 f3
26.Be2b5 Bg5h4
27.Re1f1 e3
28.Ka1 e2
29.Nc1b3 exd1Q
30.Rf1xd1 Bh4xf2
31.a4 Bg6c2
{ resign }
0-1

[Event "Match"]
[Site "www.echecsemail.com"]
[Date "2018.08.25"]
[Round "1"]
[White "Llord"]
[Black "Deneb"]
[WhiteElo "1920"]
[BlackElo "1600"]
[Result "0-1"]
[Round "1"]
1.e4 e5
2.Ng1f3 Nb8c6
3.Bf1c4 Ng8f6
4.Nb1c3 Nf6xe4
5.Nc3xe4 d5
6.Bc4xd5 Qd8xd5
7.Ne4c3 Qd5d6
8.O-O Bf8e7
9.d3 Qd6g6
10.Rf1e1 Bc8h3
11.g3 f6
12.Nf3h4 Qg6f7
13.Nc3e4 O-O-O
14.Bc1e3 g5
15.Nh4f3 h6
16.c3 f5
17.Ne4d2 g4
18.Nf3h4 Be7xh4
19.gxh4 Qf7d5
20.f3 Rh8g8
21.c4 gxf3
22.Kf2 Rg8g2
{ resign }
0-1

[Event "Match"]
[Site "www.echecsemail.com"]
[Date "2018.08.25"]
[Round "1"]
[White "Gilliere"]
[Black "Calponas"]
[WhiteElo "1980"]
[BlackElo "2090"]
[Result "0-1"]
[Round "1"]
1.e4 c5
2.Ng1f3 Nb8c6
3.d4 cxd4
4.Nf3xd4 Ng8f6
5.Nb1c3 d6
6.Bf1b5 Bc8d7
7.Bc1g5 e6
8.Nd4xc6 bxc6
9.Bg5xf6 Qd8xf6
10.Bb5a4 Bf8e7
11.O-O O-O
12.Rf1e1 e5
13.Qd1e2 Ra8b8
14.Ba4b3 Bd7e6
15.Bb3xe6 Qf6xe6
16.b3 f5
17.exf5 Qe6xf5
18.Re1f1 Rb8b4
19.Qe2e4 Rb4xe4
20.Nc3xe4 Qf5xe4
21.Ra1c1 Be7g5
{ resign }
0-1

[Event "Match"]
[Site "www.echecsemail.com"]
[Date "2018.08.25"]
[Round "1"]
[White "Cal"]
[Black "Redapond1"]
[WhiteElo "1730"]
[BlackElo "1360"]
[Result "1-0"]
[Round "1"]
1.e4 e5
2.a3 Bf8c5
3.Ng1f3 Nb8c6
4.b4 Bc5b6
5.c3 Ng8f6
6.d3 Nf6g4
7.Bc1e3 O-O
8.Be3g5 f6
9.Bg5h4 d6
10.Bh4g3 d5
11.d4 exd4
12.cxd4 dxe4
13.Nf3h4 Bb6xd4
14.Bf1c4 Kh8
15.O-O Bd4e5
16.Bg3xe5 Qd8xd1
17.Rf1xd1 fxe5
18.Nb1c3  { time }
1-0

[Event "Match"]
[Site "www.echecsemail.com"]
[Date "2018.08.25"]
[Round "1"]
[White "J1j6"]
[Black "Biggles"]
[WhiteElo "1890"]
[BlackElo "2090"]
[Result "1-0"]
[Round "1"]
1.e4 e6
2.e5 d5
3.d4 c5
4.c3 Nb8c6
5.b3 cxd4
6.cxd4 Bc8d7
7.Ng1f3 Bf8b4
8.Bc1d2 Ng8e7
9.a3 Bb4xd2
10.Nb1xd2 Ne7g6
11.g3 Qd8b6
12.Nd2b1 f6
13.exf6 gxf6
14.Bf1g2 O-O-O
15.O-O Kb8
16.b4 Bd7c8
17.Nb1c3 e5
18.Nc3a4 Qb6c7
19.dxe5 fxe5
20.Nf3g5 e4
21.b5 Nc6e5
22.Ra1c1 Qc7e7
23.h4 h6
24.Ng5h3 Bc8xh3
25.Bg2xh3 Ne5f3
26.Kh1 Ng6xh4
27.Na4c5 Qe7f7
28.Nc5e6 Rd8e8
29.Qd1xd5 Nf3g5
30.Rc1c7 Qf7f3
31.Kh2 Ng5xh3
32.Qd5xb7 
1-0

[Event "Tourn. n9903"]
[Site "www.echecsemail.com"]
[Date "2018.08.25"]
[Round "1"]
[White "Bojan"]
[Black "Alessiov"]
[WhiteElo "2030"]
[BlackElo "2260"]
[Result "0-1"]
[Round "1"]
1.e4 e5
2.Ng1f3 Nb8c6
3.Nb1c3 Ng8f6
4.d3 d5
5.exd5 Nf6xd5
6.Bc1d2 Bf8c5
7.Nc3e4 Bc5e7
8.a3 O-O
9.Ne4c3 f5
10.Qd1e2 Be7f6
11.Ra1b1 Rf8e8
12.Nc3xd5 Qd8xd5
13.Bd2g5 Bf6xg5
14.Nf3xg5 h6
15.Ng5f3 e4
16.Nf3d2 Nc6d4
17.Qe2h5 Re8e5
18.Kd1 Bc8e6
19.f3 exd3
20.Bf1xd3 Nd4xc2
21.Bd3xc2 Ra8d8
{ resign }
0-1

[Event "Tourn. n9876"]
[Site "www.echecsemail.com"]
[Date "2018.08.25"]
[Round "1"]
[White "Jazzy"]
[Black "Fantomas"]
[WhiteElo "2270"]
[BlackElo "2190"]
[Result "1/2-1/2"]
[Round "1"]
1.Ng1f3 d5
2.b3 Ng8f6
3.Bc1b2 e6
4.e3 Bf8e7
5.Bf1e2 O-O
6.O-O c5
7.d4 cxd4
8.exd4 Nb8c6
9.Nb1d2 Be7d6
10.Nf3e5 Qd8c7
11.Nd2f3 Nf6d7
12.Ne5g4 f5
13.Ng4e3 Nd7f6
14.c4 b6
15.Ra1c1 Bd6f4
16.cxd5 Nf6xd5
17.Ne3xd5 exd5
18.Rc1c2 Bc8b7
19.g3 Bf4h6
20.Nf3e5 Rf8f6
21.Be2f3 Qc7d6
22.a3 g6
23.b4 Rf6e6
24.Bf3g2 Ra8e8
25.f4 Re8c8
26.Qd1f3 Nc6e7
27.Rf1c1 Rc8xc2
28.Rc1xc2 Ne7c8
29.h4 Bh6f8
30.b5 Nc8e7
31.a4 Qd6d8
32.Bb2a3 Qd8b8
33.Ne5d7 Qb8d8
34.Nd7xf8 Kxf8
35.Rc2e2 Qd8d7
36.Re2xe6 Qd7xe6
{ draw }
1/2-1/2

[Event "Tourn. n9873"]
[Site "www.echecsemail.com"]
[Date "2018.08.25"]
[Round "1"]
[White "Redapond1"]
[Black "Hansen"]
[WhiteElo "1400"]
[BlackElo "1520"]
[Result "0-1"]
[Round "1"]
1.d4 e6
2.Bc1f4 Nb8c6
3.Nb1c3 Bf8b4
4.Qd1d3 a6
5.O-O-O Ng8f6
6.a3 Bb4xc3
7.Qd3xc3 Nf6e4
8.Qc3f3 d5
9.e3 g5
10.Bf4e5 Rh8g8
11.Bf1d3 g4
12.Qf3e2 Ne4g5
13.Qe2xg4 f6
14.Qg4h5 Kd7
15.Be5f4 e5
16.Bf4xg5 Rg8xg5
17.Qh5xh7 Kd6
18.Qh7h6 Rg5xg2
19.Rd1d2 b5
20.dxe5 Nc6xe5
21.f4 Ne5g4
22.Rd2xg2 Ng4xh6
23.Rg2g6 Nh6f7
24.Ng1f3 Bc8b7
25.Rh1d1 d4
 { time }
0-1

[Event "Tourn. n9835"]
[Site "www.echecsemail.com"]
[Date "2018.08.25"]
[Round "1"]
[White "Cal"]
[Black "Iko"]
[WhiteElo "1660"]
[BlackElo "1700"]
[Result "0-1"]
[Round "1"]
1.d4 d5
2.e3 Nb8c6
3.h3 Qd8d6
4.Bf1b5 Qd6b4
5.Nb1c3 Bc8d7
6.a3 Qb4d6
7.b4 a6
8.Bb5a4 b5
9.Ba4b3 a5
10.Nc3xb5 Qd6g6
11.c4 Qg6xg2
12.Nb5xc7 Kd8
13.Nc7xa8 Qg2xh1
14.Kd2 Bd7xh3
15.Bc1b2 dxc4
16.Bb3xc4 e6
17.Qd1e2 axb4
18.Ng1f3 Qh1g2
19.axb4 Bf8xb4
20.Kd3 Bh3g4
21.Ra1g1 Bg4xf3
22.Rg1xg2 Bf3xe2
23.Kxe2 Ng8f6
24.f4 Nf6d7
25.Rg2xg7 Ke7
26.Na8c7 Kf6
27.d5 Ke7
28.Kf3 exd5
29.Bc4xd5 Nc6d8
30.e4 Nd7c5
31.f5 Kf8
32.Bb2f6 Nc5d7
33.Nc7b5 Nd7xf6
34.Bd5c4 Kxg7
35.e5 Nf6d7
36.Nb5c7 Nd7xe5
37.Ke4 Ne5xc4
38.Kd5 Nc4e3
39.Ke4 Ne3g4
40.Nc7d5 Nd8c6
41.Kf3 Ng4f6
42.Nd5e3 Nc6d4
43.Kf4 Bb4d6
44.Kg5 h6
45.Kh4 Rh8e8
46.Ne3c4 Nd4xf5
47.Kh3 Bd6g3
48.Nc4d2 Re8e3
49.Nd2f1 Re3d3
50.Nf1xg3 Rd3xg3
51.Kh2 Nf6g4
{ resign }
0-1

[Event "Tourn. n9900"]
[Site "www.echecsemail.com"]
[Date "2018.08.25"]
[Round "1"]
[White "Madz123456"]
[Black "Cal"]
[WhiteElo "1660"]
[BlackElo "1750"]
[Result "1-0"]
[Round "1"]
1.e4 e5
2.Ng1f3 d6
3.Bf1c4 h6
4.d4 exd4
5.Nf3xd4 Ng8f6
6.O-O c5
7.Nd4e2 Bc8e6
8.b3 Nb8c6
9.Nb1c3 Bf8e7
10.Ne2g3 O-O
11.Bc1b2 Nc6e5
12.Bc4e2 a6
13.Qd1d2 b5
14.f4 Ne5g6
15.f5 Be6xf5
16.exf5 Ng6e5
17.Ra1d1 b4
18.Nc3e4 Qd8c7
19.Ne4xf6 Be7xf6
20.Ng3e4 Ne5f3
21.Rf1xf3 Bf6xb2
22.f6 Bb2d4
23.Kh1 d5
24.Rf3g3 Qc7xg3
25.Ne4xg3 Bd4xf6
26.Qd2xd5 Bf6d4
27.Rd1f1 Ra8d8
28.Qd5c4 Kh8
29.Rf1xf7 Rf8xf7
30.Qc4xf7 Bd4e3
31.Qf7g6 Rd8d2
32.Ng3f5 Be3d4
33.Qg6e8 Kh7
34.Nf5e7 h5
35.Qe8xh5 { resign }
1-0

[Event "Match"]
[Site "www.echecsemail.com"]
[Date "2018.08.25"]
[Round "1"]
[White "J1j6"]
[Black "Bjonil60"]
[WhiteElo "1850"]
[BlackElo "1490"]
[Result "1-0"]
[Round "1"]
1.e4 Nb8c6
2.Ng1f3 e5
3.Bf1c4 Qd8e7
4.d4 Nc6a5
5.Bc4b5 c6
6.Bb5d3 d6
7.dxe5 dxe5
8.c3 b6
9.O-O g6
10.Bc1g5 f6
11.Bg5e3 c5
12.b4 Na5c6
13.bxc5 bxc5
14.Qd1b3 Ra8b8
15.Bd3b5 Bc8d7
16.Rf1d1 h6
17.Qb3a4 Qe7e6
18.Nb1a3 a6
19.Bb5c4 Qe6e7
20.Qa4xa6 Bd7c8
21.Qa6xc6 Bc8d7
22.Qc6d5 f5
23.Nf3xe5 Ng8f6
24.Qd5d3 Kd8
25.Ne5c6 Ke8
26.Nc6xe7 Bf8xe7
27.e5 Nf6g4
28.Qd3xd7 Kf8
29.Qd7e6 Rb8b7
30.Qe6f7 
1-0

[Event "Tourn. n9907"]
[Site "www.echecsemail.com"]
[Date "2018.08.25"]
[Round "1"]
[White "Gilliere"]
[Black "Fabos12"]
[WhiteElo "1960"]
[BlackElo "1960"]
[Result "1-0"]
[Round "1"]
1.e4 e6
2.d4 Nb8c6
3.Ng1f3 d5
4.e5 f6
5.exf6 Ng8xf6
6.Nb1c3 h6
7.Bf1b5 a6
8.Bb5xc6 bxc6
9.O-O c5
10.Bc1e3 c4
11.h3 Bc8b7
12.Nf3e5 Qd8e7
{ time. }
1-0

[Event "Tourn. n9898"]
[Site "www.echecsemail.com"]
[Date "2018.08.25"]
[Round "1"]
[White "Sbb"]
[Black "Alekpax"]
[WhiteElo "2720"]
[BlackElo "2410"]
[Result "0-1"]
[Round "1"]
1.d4 Ng8f6
2.c4 e6
3.Nb1c3 Bf8b4
4.e3 O-O
5.Ng1e2 d5
6.a3 Bb4e7
7.cxd5 exd5
8.Ne2f4 c6
9.Bf1d3 Nb8a6
10.O-O Na6c7
11.Bc1d2 Rf8e8
12.f3 Be7d6
13.Qd1c2 h6
14.Nc3e2 g5
15.Nf4h3 Bc8xh3
 { time }
0-1

[Event "Tourn. n9901"]
[Site "www.echecsemail.com"]
[Date "2018.08.25"]
[Round "1"]
[White "Deneb"]
[Black "Cal"]
[WhiteElo "1600"]
[BlackElo "1700"]
[Result "1-0"]
[Round "1"]
1.e4 e5
2.Ng1f3 d6
3.d4 exd4
4.Nf3xd4 Ng8f6
5.Nb1c3 c5
6.Bf1b5 Bc8d7
7.Nd4f5 Qd8e7
8.Nf5xe7 Bf8xe7
9.Bc1f4 Bd7xb5
10.Nc3xb5 a6
11.Nb5c7 Kd7
12.Nc7xa8 Nb8c6
13.Na8b6 Kc7
14.Nb6d5 Nf6xd5
15.Qd1xd5 Rh8f8
16.O-O-O Nc6b4
17.Bf4xd6 Be7xd6
18.Qd5xd6 Kc8
19.Qd6xf8 Kc7
20.Qf8d6 Kc8
21.Qd6d8 
1-0

[Event "Tourn. n9871"]
[Site "www.echecsemail.com"]
[Date "2018.08.25"]
[Round "1"]
[White "Fabos12"]
[Black "Foxy100"]
[WhiteElo "1980"]
[BlackElo "2110"]
[Result "0-1"]
[Round "1"]
1.d4 d5
2.Ng1f3 Ng8f6
3.Bc1f4 e6
4.e3 c5
5.c3 Nb8c6
6.Bf1b5 Qd8b6
7.a4 cxd4
8.Nf3xd4 Bc8d7
9.a5 Nc6xa5
10.Bb5xd7 Nf6xd7
11.b4 Na5c6
12.O-O Nc6xd4
13.exd4 Bf8d6
14.Bf4xd6 Qb6xd6
15.Nb1a3 a6
16.Na3b5 Qd6c6
17.Qd1d3 Ra8c8
18.Nb5a3 Qc6xc3
19.Qd3xc3 Rc8xc3
20.Rf1c1 Rc3xc1
21.Ra1xc1 Ke7
22.Rc1c7 Rh8b8
23.Na3b1 Kd6
24.Rc7c1 Nd7b6
25.f4 Rb8c8
26.Rc1xc8 Nb6xc8
27.Kf2 f6
28.Ke3 e5
29.f5 Nc8e7
30.g4 Ne7c6
31.dxe5 Kxe5
32.b5 d4
33.Kd3 { time. }
0-1

[Event "Match"]
[Site "www.echecsemail.com"]
[Date "2018.08.25"]
[Round "1"]
[White "Eeze"]
[Black "Minorsana"]
[WhiteElo "1900"]
[BlackElo "1459"]
[Result "0-1"]
[Round "1"]
1.e4 e5
2.Ng1f3 Nb8c6
3.c3 Ng8f6
4.d3 d5
5.Bc1g5 dxe4
6.dxe4 Qd8xd1
7.Kxd1 Nf6xe4
8.Bg5e3 f5
9.Bf1d3 Ne4d6
10.Bd3e2 f4
11.Be3c5 { time. }
0-1